00924cam a2200241Ia 4500020001800000020001500018040002600033110004900059245007600108246005200184250001800236300002300254490002400277650003000301650002800331650000900359710003100368710006100399710004400460942001000504999001700514952015100531 a9789251058428 a9251058423 cBTC COD 2007 C101 Or.2 aJoint FAO/WHO Codex Alimentarius Commission.10aCodex alimentarius :bcereals, pulses, legumes and vegetable proteins /30aCereals, pulses, legumes and vegetable proteins aFirst edition a106 pages ;c25 cm1 aCodex alimentarius, 0aFood law and legislation. 0aFood industry and trade 0aFood2 aWorld Health Organization.2 aFood and Agriculture Organization of the United Nations.2 aJoint FAO/WHO Food Standards Programme. cAEDBB c20879d20879 0010406BTC_COD_2007_000000000000000_C101_OR70992483aLBCbLBCcC101d2023-01-09oBTC COD 2007 C101 Or.pa071461r2023-01-09w2023-01-09yAEDBB